• AIU
  • Tony Wilmot Memorial Library

The global arms trade / (Record no. 61161)

MARC details
000 -LEADER
fixed length control field 00943nam a2200289 a 4500
001 - CONTROL NUMBER
control field 1567803
003 - CONTROL NUMBER IDENTIFIER
control field OSt
005 - DATE AND TIME OF LATEST TRANSACTION
control field 20150115142923.0
008 - FIXED-LENGTH DATA ELEMENTS--GENERAL INFORMATION
fixed length control field 920518s1992 wiu b 000 0 eng
010 ## - LIBRARY OF CONGRESS CONTROL NUMBER
LC control number 92161674
020 ## - INTERNATIONAL STANDARD BOOK NUMBER
International Standard Book Number 0865960828
040 ## - CATALOGING SOURCE
Original cataloging agency DLC
Transcribing agency DLC
050 00 - LIBRARY OF CONGRESS CALL NUMBER
Classification number HD 9743.A2
Item number M35 1992
082 00 - DEWEY DECIMAL CLASSIFICATION NUMBER
Classification number 382/.456234
Edition number 20
100 1# - MAIN ENTRY--PERSONAL NAME
Personal name McCuen, Gary E.
9 (RLIN) 33039
245 14 - TITLE STATEMENT
Title The global arms trade /
Statement of responsibility, etc Gary E. McCuen.
260 ## - PUBLICATION, DISTRIBUTION, ETC. (IMPRINT)
Place of publication, distribution, etc Hudson, Wis. :
Name of publisher, distributor, etc G.E. McCuen Publications,
Date of publication, distribution, etc c1992.
300 ## - PHYSICAL DESCRIPTION
Extent 128 p. ;
Dimensions 24 cm.
440 #0 - SERIES STATEMENT/ADDED ENTRY--TITLE
Title Ideas in conflict series
9 (RLIN) 32630
504 ## - BIBLIOGRAPHY, ETC. NOTE
Bibliography, etc Includes bibliographical references (p. 126-128).
650 #0 - SUBJECT ADDED ENTRY--TOPICAL TERM
Topical term or geographic name as entry element Defense industries.
9 (RLIN) 35247
650 #0 - SUBJECT ADDED ENTRY--TOPICAL TERM
Topical term or geographic name as entry element Arms transfers.
9 (RLIN) 35248
650 #0 - SUBJECT ADDED ENTRY--TOPICAL TERM
Topical term or geographic name as entry element Military assistance.
9 (RLIN) 35249
906 ## - LOCAL DATA ELEMENT F, LDF (RLIN)
a 7
b cbc
c orignew
d 2
e ncip
f 19
g y-gencatlg
942 ## - ADDED ENTRY ELEMENTS (KOHA)
Source of classification or shelving scheme Library of Congress Classification
Koha item type Books
Holdings
Withdrawn status Lost status Source of classification or shelving scheme Damaged status Not for loan Collection code Home library Current library Shelving location Date acquired Source of acquisition Cost, normal purchase price Total Checkouts Full call number Barcode Date last seen Copy number Price effective from Koha item type
    Library of Congress Classification     General Circulation AIU/NEGST - Tony Wilmot Memorial Library AIU/NEGST - Tony Wilmot Memorial Library General Stacks 01/15/2015 Donation - TBN 15.00   HD 9743 .A2M35 1992 R31874K3232 09/02/2019 1 01/15/2015 Books